Loreto College Library, Kolkata
WEBOPAC (ONLINE PUBLIC ACCESS CATALOGUE)

The dictionary of physical geography (Record no. 11511)

MARC details
000 -LEADER
fixed length control field 00626nam a2200205Ia 4500
005 - DATE AND TIME OF LATEST TRANSACTION
control field 20230812102510.0
008 - FIXED-LENGTH DATA ELEMENTS--GENERAL INFORMATION
fixed length control field 131103s9999 xx 000 0 und d
020 ## - ISBN | অাই এস বি এন
ISBN | অাই এস বি এন 1405145870
PRICE Rs 1195
040 ## - CATALOGING SOURCE
Original cataloging agency Loreto College
041 ## - LANGUAGE CODE
Language code English
082 ## - DDC | ডিউই
Classification number | বর্গসংখ্যা 910.0203
Book Number | গ্রন্থাঙ্ক THO
245 #4 - TITLE STATEMENT | অাখ্যা বিবরণী
Title | অাখ্যা The dictionary of physical geography
Statement of responsibility | লেখকের দায়িত্বের বিবরণ Edited by David S.G. Thomas and Andrew Goudie
250 ## - EDITION STATEMENT | সংস্করণ ক্ষেত্র
Edition statement | সংস্করণ 3rd edition
260 ## - IMPRINT | প্রকাশনা ক্ষেত্র
Place of publication | প্রকাশ স্থান Malden, MA, USA
Name of publisher | প্রকাশকের নাম Blackwell Publishing
Date of publication | প্রকাশ কাল 2000
300 ## - PHYSICAL DESCRIPTION |
Page / Vol. No | পৃষ্ঠা / খন্ড সংখ্যা xiv,610p
Other physical details | অনান্য বাহ্যিক বিবরণ maps, drawings
504 ## - BIBLIOGRAPHY, ETC. NOTE
Bibliography, etc Includes bibliographical references and index
650 ## - SUBJECT ADDED ENTRY--TOPICAL TERM | বিষয় শিরোনাম - মূল বিষয়
Topical term | মূল বিষয় Physical Geography
850 ## - HOLDING INSTITUTION
Holding institution LCLIB
942 ## - ADDED ENTRY ELEMENTS (KOHA)
Koha item type Books
Holdings
Withdrawn status Lost status Source of classification Damaged status Not for loan Home library Current library Date acquired Total Checkouts Full call number Accession No. Date last seen Date checked out Price effective from Koha item type Coded location qualifier
    Dewey Decimal Classification     Loreto College Loreto College 04/11/2013 1 910.0203 THO 44451 B11417 18/03/2023 17/03/2023 04/11/2013 Books